| 000 | 01323cam a2200325 a 4500 | ||
|---|---|---|---|
| 001 | 16420717 | ||
| 003 | OSt | ||
| 005 | 20150408113956.0 | ||
| 008 | 111210s2010 enk b 001 0 eng | ||
| 010 | _a | ||
| 020 | _a9780199575916 | ||
| 040 |
_aDLC _cMU _dDLC |
||
| 042 | _apcc | ||
| 082 | 0 | 0 |
_a346.5125082 M R L _222 |
| 100 | 1 |
_aMcCormick, Roger. _97569 |
|
| 245 | 1 | 0 |
_aLegal risk in the financial markets / _cRoger McCormick. |
| 250 | _a2nd ed. | ||
| 260 |
_aOxford [England] ; _aNew York : _bOxford University Press, _c2010. |
||
| 300 |
_axxxvii, 491 p. ; _c25 cm. |
||
| 504 | _aIncludes bibliographical references and index. | ||
| 505 | 0 | _aThe general context -- The global financial crisis of 2007-2009 -- The impact of globalization -- Early perceptions of legal risk -- Characteristics of legal risk -- Examples of legal risk -- Legal risk management. | |
| 650 | 0 |
_aFinancial services industry _xLaw and legislation. _97570 |
|
| 650 | 0 |
_aFinancial institutions _xLaw and legislation. _97571 |
|
| 650 | 0 |
_aCorporate governance _xLaw and legislation. _97572 |
|
| 650 | 0 |
_aSecurities. _97573 |
|
| 650 | 0 |
_aGlobalization. _97574 |
|
| 906 |
_a7 _bcbc _corignew _d1 _eecip _f20 _gy-gencatlg |
||
| 942 |
_2ddc _cDVD |
||
| 999 |
_c19502 _d254002 |
||